EFFECT SIZE FOR ANOVA DESIGNS VOLUME 129 (Record no. 30194)

MARC details
000 -LEADER
fixed length control field 00313nam a2200133Ia 4500
008 - FIXED-LENGTH DATA ELEMENTS--GENERAL INFORMATION
fixed length control field 240624s9999 xx 000 0 und d
041 ## - LANGUAGE CODE
Language code of text/sound track or separate title eng
082 ## - DEWEY DECIMAL CLASSIFICATION NUMBER
Classification number 519.5 COR
100 ## - MAIN ENTRY--PERSONAL NAME
Personal name CORTINA JOSE M
245 ## - TITLE STATEMENT
Title EFFECT SIZE FOR ANOVA DESIGNS VOLUME 129
260 ## - PUBLICATION, DISTRIBUTION, ETC.
Date of publication, distribution, etc. 1999
Name of publisher, distributor, etc. Sage
300 ## - PHYSICAL DESCRIPTION
Extent 80 p.
365 ## - TRADE PRICE
Currency code
Price amount 32
Holdings
Withdrawn status Lost status Damaged status Not for loan Home library Current library Shelving location Date acquired Cost, normal purchase price Total Checkouts Full call number Barcode Date last seen Date last checked out Copy number Price effective from Koha item type
        IMTN IMTN Rack 18-A 01/08/2018 22.00 2 519.5 COR 30194 07/21/2025 07/12/2025 67.1 06/24/2024 Books
Designed & Maintained by: LRC IMT Nagpur Contact: lrc@imtnag.ac.in© 2024. All Rights Reserved.